[Event "ICS rated blitz match"]
[Site "204.178.125.65"]
[Date "2000.07.04"]
[Round "?"]
[White "Hossa"]
[Black "PostModernist"]
[Result "1-0"]
[WhiteElo "2463"]
[BlackElo "2664"]
[PlyCount "67"]
[EventDate "2000.??.??"]

1. e4 e5 2. Nf3 Nc6 3. Bb5 a6 4. Ba4 Nf6 5. Bxc6 dxc6 6. O-O Be7 7. Nxe5 Nxe4
8. Re1 Nc5 9. d4 Ne6 10. Be3 O-O 11. Nc3 f6 12. Nc4 Re8 13. Qh5 Bb4 14. Rad1 b5
15. Na3 Bxc3 16. bxc3 Bb7 17. c4 Qd6 18. Bc1 g6 19. Qg4 Nxd4 20. Be3 Rad8 21.
Bxd4 Rxe1+ 22. Rxe1 Qxd4 23. Qe6+ Kh8 24. Qf7 b4 25. c3 Qxc3 26. Nc2 Ba8 27.
Qxc7 Qd2 28. Re7 Qd1+ 29. Ne1 Rd7 30. Qxd7 Qxd7 31. Rxd7 Kg8 32. Rd8+ Kf7 33.
Rxa8 a5 34. Rxa5 1-0

[Event "ICS rated blitz match"]
[Site "204.178.125.65"]
[Date "2000.07.04"]
[Round "?"]
[White "inmichess"]
[Black "Hossa"]
[Result "0-1"]
[WhiteElo "2449"]
[BlackElo "2487"]
[PlyCount "128"]
[EventDate "2000.??.??"]

1. e4 e6 2. d4 d5 3. Nd2 Be7 4. Ngf3 Nf6 5. e5 Nfd7 6. Bd3 c5 7. c3 Nc6 8. O-O
g5 9. h3 h5 10. Qa4 g4 11. hxg4 hxg4 12. Nh2 g3 13. Nhf3 Bh4 14. fxg3 Bxg3 15.
Bb5 cxd4 16. cxd4 Qb6 17. Bxc6 bxc6 18. Qb3 Ba6 19. Qe3 Rh5 20. Rd1 Nxe5 21.
Nxe5 Bxe5 22. Nf3 Bd6 23. Ng5 O-O-O 24. Qf3 Rh4 25. Qf6 Bh2+ 26. Kf2 Qc7 27.
Qf3 Bd6 28. Rb1 Rd7 29. Be3 Kb8 30. Rh1 Rxh1 31. Rxh1 c5 32. dxc5 Bxc5 33. Rc1
Bxe3+ 34. Qxe3 Qb6 35. Qxb6+ axb6 36. Rh1 d4 37. Nf3 d3 38. Ne5 Rd5 39. Nc6+
Kb7 40. Nb4 Re5 41. b3 Re2+ 42. Kf3 e5 43. a4 e4+ 44. Kf4 e3 45. Rh6 d2 46. Rd6
Re1 47. Nc2 d1=Q 48. Rxd1 Rxd1 49. Nxe3 Rd3 50. Nf5 Rxb3 51. Nd6+ Kc6 52. Nxf7
Rb4+ 53. Kf3 Bc4 54. Ne5+ Kd6 55. Ng6 Bd5+ 56. Ke3 Re4+ 57. Kd2 Rg4 58. Nf8 Ke7
59. Nh7 Rxg2+ 60. Kc3 Rg3+ 61. Kb2 Rg7 62. Nf8 Kxf8 63. Kc3 Ra7 64. Kc2 Ra5 0-1

[Event "ICS rated blitz match"]
[Site "204.178.125.65"]
[Date "2000.07.04"]
[Round "?"]
[White "Hossa"]
[Black "inmichess"]
[Result "0-1"]
[WhiteElo "2501"]
[BlackElo "2435"]
[PlyCount "102"]
[EventDate "2000.??.??"]

1. e4 e5 2. Nf3 Nc6 3. Bb5 Nge7 4. O-O a6 5. Ba4 d6 6. Nc3 b5 7. Bb3 Na5 8. d3
Nxb3 9. axb3 b4 10. Na2 c5 11. c3 a5 12. Bd2 Ng6 13. Bg5 Be7 14. Bxe7 Qxe7 15.
Qc2 O-O 16. Nc1 Be6 17. Nd2 Nf4 18. Nf3 Qf6 19. Qd2 Bh3 20. Ne2 Nxg2 21. Ng5
Nh4 22. f4 Bxf1 23. Rxf1 h6 24. Nf3 Nxf3+ 25. Rxf3 Rfb8 26. c4 a4 27. bxa4 Rxa4
28. Rf1 Qg6+ 29. Ng3 exf4 30. Qxf4 Rb6 31. Qf3 Ra2 32. Qe2 Rba6 33. Qf2 b3 34.
d4 R6a5 35. Qd2 cxd4 36. Qxd4 Ra8 37. Rf2 Ra1+ 38. Rf1 Qg4 39. Rxa1 Rxa1+ 40.
Kg2 Rc1 41. Kf2 Qf4+ 42. Ke2 Rc2+ 43. Ke1 Rxh2 44. Ne2 Rh1+ 45. Ng1 Qc1+ 46.
Kf2 Qxg1+ 47. Ke2 Qf1+ 48. Ke3 Rh3+ 49. Kd2 Qg2+ 50. Qf2 Qxf2+ 51. Kc1 Qc2# 0-1

[Event "ICS rated blitz match"]
[Site "204.178.125.65"]
[Date "2000.07.04"]
[Round "?"]
[White "PostModernist"]
[Black "Hossa"]
[Result "1/2-1/2"]
[WhiteElo "2603"]
[BlackElo "2482"]
[PlyCount "99"]
[EventDate "2000.??.??"]

1. e4 e6 2. d3 d5 3. Nd2 Nf6 4. g3 dxe4 5. dxe4 Bc5 6. Bg2 O-O 7. Ngf3 b6 8. e5
Ng4 9. O-O Ba6 10. c4 Nxf2 11. Rxf2 Bxf2+ 12. Kxf2 Bxc4 13. Qc2 Bd5 14. Ne4 h6
15. Be3 Nc6 16. a3 Na5 17. Kg1 c5 18. Ned2 Nc6 19. Rd1 Qc7 20. Qc3 Rfd8 21. Rc1
Rac8 22. g4 Rd7 23. Bf4 Nd4 24. Qe3 Rcd8 25. g5 Bxf3 26. Nxf3 Nxf3+ 27. Qxf3
hxg5 28. Bxg5 Qxe5 29. Bxd8 Rxd8 30. Qf2 Qg5 31. Rf1 f5 32. Qe2 Qf6 33. Rf2 Kf7
34. Kf1 Qh4 35. Bc6 Qh3+ 36. Rg2 Qh6 37. Qe1 Qf4+ 38. Rf2 Qd6 39. Bf3 Qd3+ 40.
Kg2 Qd7 41. Re2 g5 42. Bh5+ Kf6 43. h4 g4 44. Qc3+ Qd4 45. Qc1 Qd5+ 46. Kh2
Qd6+ 47. Kg2 Qd5+ 48. Kh2 Qd6+ 49. Kg2 Qd5+ 50. Kh2 1/2-1/2

[Event "ICS rated blitz match"]
[Site "204.178.125.65"]
[Date "2000.07.04"]
[Round "?"]
[White "Hossa"]
[Black "PostModernist"]
[Result "1-0"]
[WhiteElo "2487"]
[BlackElo "2598"]
[PlyCount "45"]
[EventDate "2000.??.??"]

1. e4 g6 2. d4 Bg7 3. c4 d6 4. Nc3 Nf6 5. Nf3 O-O 6. Be2 Na6 7. O-O e5 8. dxe5
dxe5 9. Nxe5 Nxe4 10. Nxe4 Bxe5 11. Re1 Bxh2+ 12. Kxh2 Qh4+ 13. Kg1 Qxe4 14.
Bh6 Be6 15. Bf3 Qxc4 16. Bxb7 Rab8 17. Qf3 Rfd8 18. Qf6 Qd4 19. Re5 Qxf2+ 20.
Kxf2 Rd2+ 21. Kg1 Rxg2+ 22. Bxg2 Rxb2 23. Qg7# 1-0

[Event "ICS rated blitz match"]
[Site "204.178.125.65"]
[Date "2000.07.04"]
[Round "?"]
[White "PostModernist"]
[Black "Hossa"]
[Result "1-0"]
[WhiteElo "2577"]
[BlackElo "2508"]
[PlyCount "110"]
[EventDate "2000.??.??"]

1. e4 c6 2. d4 d5 3. Nd2 dxe4 4. Nxe4 Nf6 5. Nxf6+ exf6 6. Bc4 b5 7. Bb3 a5 8.
a4 Bb4+ 9. c3 bxa4 10. Bxa4 Be7 11. Qf3 O-O 12. Ne2 Re8 13. O-O Bd6 14. Re1 Qc7
15. Bf4 Ra7 16. Bc2 Qe7 17. Bxd6 Qxd6 18. b4 Qc7 19. Ng3 Re6 20. Bb3 Rxe1+ 21.
Rxe1 Qd8 22. Qe2 Qf8 23. Qa2 f5 24. bxa5 Na6 25. Bc2 Re7 26. Rxe7 Qxe7 27. Qc4
Qe1+ 28. Nf1 Qe6 29. Ne3 Nc7 30. g3 g6 31. Ba4 Bb7 32. Qb4 Qc8 33. Qe7 h6 34.
c4 Ne6 35. d5 cxd5 36. cxd5 Qc1+ 37. Kg2 Qb1 38. Qe8+ Nf8 39. Bc6 Bxc6 40. dxc6
Qb5 41. Qc8 f4 42. gxf4 h5 43. Qb7 Qxa5 44. c7 Qa1 45. c8=Q Qf6 46. Nd5 Qe6 47.
Ne7+ Kg7 48. Qxe6 Nxe6 49. Qb2+ Kf8 50. Nxg6+ fxg6 51. Qf6+ Kg8 52. Qxe6+ Kh8
53. Qxg6 h4 54. Qf6+ Kh7 55. Qf7+ Kh8 {Hossa resigns} 1-0

[Event "ICS rated blitz match"]
[Site "204.178.125.65"]
[Date "2000.07.04"]
[Round "?"]
[White "Hossa"]
[Black "nadel"]
[Result "1-0"]
[WhiteElo "2495"]
[BlackElo "2206"]
[PlyCount "41"]
[EventDate "2000.??.??"]

1. e4 c5 2. Nf3 e6 3. b4 cxb4 4. d4 d5 5. Bb5+ Bd7 6. Bxd7+ Qxd7 7. exd5 Qxd5
8. O-O Nf6 9. a3 bxa3 10. Nxa3 Be7 11. c4 Qh5 12. Qb3 O-O 13. Qxb7 Nbd7 14. Bf4
Qg4 15. Bc7 a6 16. Rfe1 Rfc8 17. Nb5 Ne8 18. Na7 Rxa7 19. Qxc8 Ndf6 20. Bb6 Rd7
21. Ne5 {nadel resigns} 1-0

[Event "ICS rated blitz match"]
[Site "204.178.125.65"]
[Date "2000.07.04"]
[Round "?"]
[White "PostModernist"]
[Black "Hossa"]
[Result "1-0"]
[WhiteElo "2590"]
[BlackElo "2500"]
[PlyCount "207"]
[EventDate "2000.??.??"]

1. d4 Nf6 2. c4 e6 3. Nf3 b6 4. g3 Ba6 5. Qa4 c5 6. Bg2 Bb7 7. dxc5 Bxc5 8. Nc3
O-O 9. O-O Na6 10. a3 Be7 11. Bf4 d6 12. Qc2 Rc8 13. Rfd1 Rxc4 14. Ne5 Rxc3 15.
bxc3 Bxg2 16. Kxg2 Qa8+ 17. Nf3 Ne4 18. Kg1 Rc8 19. Bd2 d5 20. Nd4 Nac5 21. e3
Nd6 22. Nf3 Nce4 23. Nd4 e5 24. Nf3 Nc4 25. Bc1 b5 26. Qd3 Rd8 27. Qc2 Qc6 28.
Ne1 Rc8 29. f3 Ng5 30. h4 Ne6 31. a4 Bc5 32. Ng2 Nc7 33. Qf5 Rf8 34. axb5 Nxb5
35. Qd3 Rd8 36. Rb1 a6 37. g4 Qf6 38. Rf1 Rd7 39. Rb3 Qc6 40. Rd1 Bb6 41. Rb4
Rd8 42. Rb1 Qf6 43. Rf1 Qe7 44. Ra1 Qb7 45. Rf2 Rb8 46. h5 h6 47. Nh4 Nbd6 48.
Ng2 Bc5 49. Rf1 Nb5 50. Rb1 Qd7 51. Rb3 Qc6 52. Rd1 Rd8 53. Rb1 Ba3 54. Bxa3
Nbxa3 55. Rb3 Qc5 56. Ra1 a5 57. Kh1 a4 58. Rb4 Ra8 59. Qd1 Qc6 60. Qc1 Nb5 61.
Rbxa4 Rxa4 62. Rxa4 Nxc3 63. Rb4 Nd6 64. Rb8+ Nc8 65. Qa3 Nb5 66. Qe7 Nbd6 67.
Qxe5 Kf8 68. Nf4 Kg8 69. Kh2 Kh7 70. Qxd5 Qc7 71. Qb3 Qc5 72. Nd5 Kh8 73. Qd3
f5 74. gxf5 Qa7 75. Qb1 Qc5 76. Qa2 Nxf5 77. f4 Nfd6 78. Ra8 Qb5 79. e4 Qe8 80.
Qe2 Qf7 81. e5 Qxd5 82. exd6 Qxa8 83. Qe8+ Kh7 84. Qg6+ Kh8 85. d7 Qa2+ 86. Qg2
Qxg2+ 87. Kxg2 Ne7 88. d8=Q+ Ng8 89. Kg3 Kh7 90. Qa8 Nf6 91. Kh4 Ng8 92. Qe4+
Kh8 93. Qe8 Kh7 94. Qg6+ Kh8 95. Kg4 Nf6+ 96. Kf5 Kg8 97. Ke6 Ng4 98. Qxg4 Kf8
99. Qg6 Kg8 100. Qe8+ Kh7 101. f5 g5 102. fxg6+ Kg7 103. Qf7+ Kh8 104. Qf8# {
Hossa checkmated} 1-0

[Event "ICS rated blitz match"]
[Site "204.178.125.65"]
[Date "2000.07.04"]
[Round "?"]
[White "Hossa"]
[Black "nadel"]
[Result "1-0"]
[WhiteElo "2488"]
[BlackElo "2206"]
[PlyCount "127"]
[EventDate "2000.??.??"]

1. d4 Nf6 2. c4 e6 3. Nf3 b6 4. g3 Bb7 5. Bg2 Be7 6. O-O O-O 7. Nc3 Ne4 8. Qc2
Nxc3 9. Qxc3 d6 10. Qc2 Nd7 11. Ng5 Bxg5 12. Bxb7 Rb8 13. Bxg5 Qxg5 14. Bc6 Qe7
15. Qa4 Nf6 16. Qxa7 d5 17. cxd5 exd5 18. e3 Qd6 19. Rac1 Ne4 20. Rc2 Ng5 21.
Rfc1 h5 22. Bb7 Ne6 23. Bc6 Ng5 24. Kg2 h4 25. gxh4 Ne6 26. f3 f5 27. f4 Kh8
28. Kg1 Rbd8 29. h5 Rf6 30. Rc3 Rh6 31. R1c2 Rxh5 32. Qa3 Rh6 33. Qxd6 Rxd6 34.
Bb5 Rf6 35. b4 Kg8 36. a4 Rf8 37. a5 bxa5 38. bxa5 Ra8 39. Ra2 Kf7 40. Kg2 Ke7
41. a6 Ra7 42. Rac2 Rb6 43. Bd3 g6 44. Rc1 Kd6 45. Kf3 Nd8 46. Rg1 Ke7 47. Rc2
Kd7 48. Rcg2 Rb3 49. Bc2 Rc3 50. Bb1 Ne6 51. Rxg6 Nxd4+ 52. Kf2 Ne6 53. Rd1
Rxa6 54. Rxd5+ Rd6 55. Rxd6+ Kxd6 56. Bxf5 c5 57. Rxe6+ Kc7 58. Re8 Kd6 59. e4
Rc2+ 60. Kg3 Rc3+ 61. Kg4 Ra3 62. Rd8+ Ke7 63. Rd7+ Kf6 64. e5# {
nadel checkmated} 1-0

[Event "ICS rated blitz match"]
[Site "204.178.125.65"]
[Date "2000.07.04"]
[Round "?"]
[White "speedythought"]
[Black "Hossa"]
[Result "0-1"]
[WhiteElo "2522"]
[BlackElo "2493"]
[PlyCount "56"]
[EventDate "2000.??.??"]

1. d4 Nf6 2. Nf3 e6 3. Nc3 Bb4 4. Qd3 O-O 5. a3 Bxc3+ 6. Qxc3 Ne4 7. Qe3 d5 8.
Ng5 Nc6 9. Nxe4 dxe4 10. c3 e5 11. dxe5 Qd5 12. Bd2 Re8 13. Rd1 Rxe5 14. Qg3
Qe6 15. Bh6 Qf6 16. Bf4 Rb5 17. Rd2 Be6 18. Bxc7 Bc4 19. Qf4 Qe6 20. g4 g5 21.
Qg3 Rc8 22. Bg2 Bb3 23. h4 Rd5 24. Rxd5 Qxd5 25. O-O Bc4 26. hxg5 Bxe2 27. Re1
Qd2 28. Rb1 Qxg5 0-1

[Event "ICS rated blitz match"]
[Site "204.178.125.65"]
[Date "2000.07.04"]
[Round "?"]
[White "Hossa"]
[Black "nadel"]
[Result "0-1"]
[WhiteElo "2522"]
[BlackElo "2190"]
[PlyCount "172"]
[EventDate "2000.??.??"]

1. d4 Nf6 2. c4 c5 3. d5 b5 4. cxb5 a6 5. bxa6 g6 6. Nc3 Bxa6 7. e4 Bxf1 8.
Kxf1 d6 9. Bg5 Nbd7 10. Qd2 h6 11. Bxf6 Nxf6 12. h4 Bg7 13. Rh3 Qb6 14. Qe2 O-O
15. Rg3 Rfb8 16. Nd1 h5 17. Rh3 Ng4 18. a3 Qb5 19. Qxb5 Rxb5 20. Ra2 Rab8 21.
f3 Ne5 22. Ne2 Nd3 23. Nec3 Bxc3 24. bxc3 Rb1 25. Rd2 Nb2 26. Ke2 Nxd1 27. Rxd1
Rxd1 28. Kxd1 Ra8 29. Kc2 Rxa3 30. Kb2 Ra4 31. Rh1 Kg7 32. Kb3 Ra7 33. f4 Rb7+
34. Kc2 Kf6 35. Ra1 Kg7 36. Ra4 Kf6 37. Ra6 Kg7 38. e5 Rd7 39. c4 Kh7 40. Ra5
Kg7 41. Kc3 Kh7 42. g3 Kg7 43. Ra1 Rb7 44. Ra2 Rd7 45. Ra8 Kh7 46. e6 fxe6 47.
dxe6 Rb7 48. Ra2 Kg7 49. Re2 Kf6 50. Re3 Kf5 51. Kc2 Ra7 52. Kb2 Ra4 53. Kb3
Rb4+ 54. Kc3 Rb1 55. Kd2 Rg1 56. Rb3 Kxe6 57. Rc3 Rg2+ 58. Ke1 Kf5 59. Kf1 Rb2
60. Re3 e6 61. Rc3 Rd2 62. Ke1 Rg2 63. Kf1 Rb2 64. Kg1 Ra2 65. Kh1 Ke4 66. Rc1
Kf3 67. Rc3+ Kg4 68. Kg1 e5 69. fxe5 dxe5 70. Kf1 e4 71. Ke1 Rg2 72. Re3 Kf5
73. Rc3 Ke5 74. Kf1 Ra2 75. Rc1 e3 76. Kg1 Ke4 77. g4 hxg4 78. Rb1 g3 79. Rf1
e2 80. Re1 Kf3 81. h5 gxh5 82. Rb1 Ra3 83. Re1 Rd3 84. Kh1 Rd1 85. Rg1 Rxg1+
86. Kxg1 e1=R# {Hossa checkmated} 0-1

[Event "ICS rated blitz match"]
[Site "204.178.125.65"]
[Date "2000.07.04"]
[Round "?"]
[White "Hossa"]
[Black "Guryon"]
[Result "1-0"]
[WhiteElo "2494"]
[BlackElo "2062"]
[PlyCount "36"]
[EventDate "2000.??.??"]

1. d4 Nf6 2. c4 g6 3. Nc3 Bg7 4. e4 d6 5. Be2 O-O 6. Bg5 h6 7. Bh4 Nbd7 8. Nf3
c5 9. e5 dxe5 10. dxe5 Nh7 11. Bg3 e6 12. O-O Ng5 13. Ne1 b6 14. f4 Nh7 15. Bf3
Rb8 16. Bc6 Qe7 17. Nb5 a6 18. Qd6 Rd8 {Guryon resigns} 1-0

[Event "ICS rated blitz match"]
[Site "204.178.125.65"]
[Date "2000.07.04"]
[Round "?"]
[White "Guryon"]
[Black "Hossa"]
[Result "0-1"]
[WhiteElo "2060"]
[BlackElo "2496"]
[PlyCount "70"]
[EventDate "2000.??.??"]

1. e4 e6 2. d4 d5 3. Nc3 Bb4 4. e5 c5 5. a3 Ba5 6. Qg4 g6 7. Bd2 Nc6 8. dxc5
Nxe5 9. Qg3 Nd7 10. b4 Bc7 11. Qf3 Be5 12. Rb1 Ne7 13. Bd3 b6 14. cxb6 axb6 15.
Nge2 Bb7 16. Qe3 d4 17. Nxd4 Bxg2 18. Rg1 Nd5 19. Nxd5 Bxd5 20. f4 Qh4+ 21. Kd1
Bxd4 22. Qxd4 Bf3+ 23. Kc1 e5 24. Qe3 Bc6 25. Be4 Bxe4 26. Qxe4 Rxa3 27. Re1
O-O 28. fxe5 Qxh2 29. Bf4 Qf2 30. Bd2 Re8 31. Qe2 Qxe2 32. Rxe2 Nxe5 33. Kb2
Nc4+ 34. Kc1 Rxe2 35. Bf4 Re1# {Guryon checkmated} 0-1

[Event "ICS rated blitz match"]
[Site "204.178.125.65"]
[Date "2000.07.04"]
[Round "?"]
[White "PostModernist"]
[Black "Hossa"]
[Result "1/2-1/2"]
[WhiteElo "2600"]
[BlackElo "2500"]
[PlyCount "210"]
[EventDate "2000.??.??"]

1. e4 e6 2. d4 d5 3. Nc3 Bb4 4. e5 c5 5. Bd2 Ne7 6. dxc5 O-O 7. Bd3 Nd7 8. Qh5
Ng6 9. Bxg6 fxg6 10. Qe2 Nxc5 11. Nf3 d4 12. Ne4 d3 13. Qe3 Bxd2+ 14. Nexd2 Qb6
15. cxd3 Qxb2 16. O-O Na4 17. Rfb1 Qa3 18. Ne4 b6 19. Nd4 Nc5 20. Nb5 Qxd3 21.
Nxc5 Qxe3 22. fxe3 bxc5 23. Nc7 Bd7 24. Nxa8 Rxa8 25. Rb7 Bc6 26. Rc7 Be4 27.
Rxc5 h6 28. Rd1 Rb8 29. Rc4 Bd5 30. Ra4 Rb2 31. Rxd5 exd5 32. Rxa7 Rb6 33. Ra5
Kf7 34. Rxd5 Rb1+ 35. Kf2 Rb2+ 36. Kf3 Rxa2 37. Rd7+ Kf8 38. h4 Rb2 39. g3 Rb1
40. e4 Rf1+ 41. Ke3 Re1+ 42. Kf4 Rf1+ 43. Kg4 Re1 44. Rd4 Ke7 45. Kf4 Rf1+ 46.
Ke3 Ke6 47. Rd5 Re1+ 48. Kf3 Rf1+ 49. Ke2 Rf5 50. exf5+ Kxd5 51. e6 Kd6 52. g4
gxf5 53. gxf5 g6 54. fxg6 Kxe6 55. h5 Kf6 56. Kf3 Kg7 57. Ke4 Kf6 58. Kf4 Kg7
59. Kg4 Kf6 60. Kh3 Kg7 61. Kg2 Kf6 62. Kg1 Kg7 63. Kf2 Kf6 64. Ke2 Kg7 65. Ke3
Kf6 66. Ke4 Kg7 67. Ke5 Kg8 68. Ke6 Kg7 69. Ke7 Kg8 70. Kf6 Kf8 71. Kf5 Kg8 72.
Ke5 Kg7 73. Ke6 Kg8 74. Kf5 Kg7 75. Kf4 Kf6 76. Kg4 Kg7 77. Kg3 Kf6 78. Kh4 Kg7
79. Kh3 Kf6 80. Kg2 Kg7 81. Kf1 Kf6 82. Kf2 Kg7 83. Kf3 Kf6 84. Ke3 Kg7 85. Kd2
Kf6 86. Kc3 Kg7 87. Kc4 Kg8 88. Kc5 Kg7 89. Kd4 Kg8 90. Kc4 Kg7 91. Kc3 Kf6 92.
Kd4 Kg7 93. Kd5 Kf6 94. Kd6 Kg7 95. Kd7 Kf6 96. Kd8 Kg7 97. Ke8 Kg8 98. Ke7 Kg7
99. Kd8 Kg8 100. Kc7 Kg7 101. Kc8 Kf6 102. Kb7 Kg7 103. Kc7 Kf6 104. Kb7 Kg7
105. Kc7 Kf6 1/2-1/2

[Event "ICS rated blitz match"]
[Site "204.178.125.65"]
[Date "2000.07.04"]
[Round "?"]
[White "Tinker"]
[Black "Hossa"]
[Result "0-1"]
[WhiteElo "2510"]
[BlackElo "2504"]
[PlyCount "124"]
[EventDate "2000.??.??"]

1. e4 e6 2. d4 d5 3. e5 c5 4. Nf3 cxd4 5. Nxd4 Nd7 6. Bf4 Ne7 7. Bd3 Ng6 8.
Bxg6 hxg6 9. Nb5 g5 10. Bg3 Qb6 11. N1c3 a6 12. Nd6+ Bxd6 13. exd6 Qxb2 14. Ne2
Qb4+ 15. c3 Qc5 16. Qd4 Qxd4 17. cxd4 Nb6 18. O-O Nc4 19. Rfc1 Kd7 20. a4 Nxd6
21. Rab1 Nc4 22. a5 Nxa5 23. Rc7+ Ke8 24. Bd6 Nc6 25. Rb3 g6 26. Rf3 Rh7 27.
Kh1 a5 28. Rc3 g4 29. Kg1 g5 30. Bc5 Rh6 31. Bd6 Rf6 32. Be5 Rg6 33. Bd6 Rg7
34. Ng3 Rh7 35. Ne2 Kd8 36. Rc5 a4 37. Nc3 a3 38. Na2 Ra4 39. Rc3 Rxd4 40. Rc1
Ra4 41. Rb1 Ra6 42. Rc1 Ra8 43. Nc3 d4 44. Ne4 a2 45. Ra1 Ra5 46. g3 Rg7 47.
Nf6 e5 48. Ne4 d3 49. Kh1 Bf5 50. Nc3 Rg6 51. Rxf7 Rxd6 52. Rxf5 d2 53. Rxg5
Rc5 54. Nxa2 d1=Q+ 55. Rxd1 Rxd1+ 56. Kg2 Rd4 57. Rg8+ Kd7 58. Rg7+ Ne7 59. Rg5
Ra4 60. Kg1 Ke6 61. h3 gxh3 62. Rh5 Rxa2 {Tinker resigns} 0-1

[Event "ICS rated standard match"]
[Site "204.178.125.65"]
[Date "2000.07.04"]
[Round "?"]
[White "Tinker"]
[Black "Hossa"]
[Result "0-1"]
[WhiteElo "2280"]
[BlackElo "2215"]
[PlyCount "158"]
[EventDate "2000.??.??"]

1. e4 e6 2. d4 d5 3. e5 c5 4. Nf3 cxd4 5. Nxd4 Nd7 6. Bb5 a6 7. Bxd7+ Bxd7 8.
O-O Ne7 9. Nd2 Qc7 10. Qh5 Ng6 11. N2f3 Be7 12. c3 O-O 13. Bg5 Bc5 14. b4 Ba7
15. Bd2 Rae8 16. Ng5 h6 17. Ngf3 Re7 18. Rae1 Qc4 19. a3 Rc8 20. Qh3 Qc7 21.
Re3 Ba4 22. Rfe1 Qc4 23. Bc1 Rec7 24. Qg3 Re8 25. Bb2 Rd7 26. Nh4 Bc2 27. Nxc2
Nxh4 28. R3e2 Nf5 29. Qh3 Rc8 30. Rd2 Rdc7 31. Qf3 Qa2 32. Na1 Ne7 33. Qe2 Qc4
34. Nc2 Qf4 35. Rd3 Ng6 36. Nd4 Rc4 37. Ba1 Qxe5 38. Qxe5 Nxe5 39. Rdd1 Bxd4
40. cxd4 Nd7 41. Kf1 Nb6 42. Re2 R4c7 43. Bb2 Kh7 44. Rde1 Kg6 45. f3 Nc4 46.
Bc1 Rc6 47. h4 Nd6 48. Bb2 h5 49. g3 Nc4 50. Bc1 b5 51. Kg2 Nd6 52. Bb2 Kf5 53.
Kf2 Nc4 54. Bc1 f6 55. f4 Nd6 56. Bb2 Kg4 57. Ke3 Ne4 58. Rg2 Rc2 59. Reg1 Rxg2
60. Rxg2 Nxg3 61. Rf2 Nf5+ 62. Kd3 Nxh4 63. Bc3 Nf3 64. Bd2 Kg3 65. Rf1 Kg2 66.
Rb1 e5 67. fxe5 fxe5 68. dxe5 Nxe5+ 69. Kd4 Nf3+ 70. Kd3 Nxd2 71. Rb2 Rf8 72.
Rxd2+ Rf2 73. Rd1 h4 74. Kd4 h3 75. Kxd5 h2 76. Kc6 h1=Q 77. Rxh1 Kxh1 78. Kb6
Rf3 79. Kxa6 Rb3 {Tinker resigns} 0-1

[Event "ICS rated blitz match"]
[Site "204.178.125.65"]
[Date "2000.07.04"]
[Round "?"]
[White "Chessky"]
[Black "Hossa"]
[Result "0-1"]
[WhiteElo "1850"]
[BlackElo "2534"]
[PlyCount "48"]
[EventDate "2000.??.??"]

1. e4 e6 2. d4 d5 3. Nc3 Bb4 4. e5 c5 5. a3 Ba5 6. b4 cxd4 7. Nb5 Bc7 8. f4 Ne7
9. Nf3 Nbc6 10. Nbxd4 Nxd4 11. Nxd4 Bb6 12. c3 Bd7 13. Nb5 O-O 14. Nd4 f6 15.
exf6 Rxf6 16. Qd3 Ng6 17. Qg3 Bc7 18. Ne2 Qf8 19. Be3 Nxf4 20. Bxf4 Bxf4 21.
Nxf4 Rxf4 22. O-O-O Ba4 23. Re1 Rc8 24. Rxe6 Rxf1+ {Chessky resigns} 0-1

[Event "ICS rated blitz match"]
[Site "204.178.125.65"]
[Date "2000.07.04"]
[Round "?"]
[White "Tinker"]
[Black "Hossa"]
[Result "1-0"]
[WhiteElo "2508"]
[BlackElo "2535"]
[PlyCount "93"]
[EventDate "2000.??.??"]

1. e4 e6 2. d4 d5 3. e5 c5 4. Nf3 cxd4 5. Nxd4 Nd7 6. Bf4 Ne7 7. Bb5 Ng6 8. Bg3
Qb6 9. O-O Bc5 10. Bxd7+ Bxd7 11. Nb3 Bb5 12. Re1 Bb4 13. c3 Be7 14. Qd4 Qc7
15. N1d2 b6 16. Rec1 O-O 17. c4 dxc4 18. Nxc4 Rfd8 19. Nd6 Qd7 20. Nxb5 Qxb5
21. Qe4 a5 22. Rab1 Ra7 23. Rc2 Rad7 24. Rf1 a4 25. Nc1 Rd1 26. Qc4 Qa5 27. Qe2
R1d2 28. Rxd2 Rxd2 29. Qg4 Rxb2 30. Qc4 Bf8 31. Qe4 Rd2 32. Qe3 Bc5 33. Qe4 Ba3
34. Qe3 Bxc1 35. Rxc1 Rxa2 36. h4 Ne7 37. Qd3 Rd2 38. Qa3 Qa7 39. Bf4 Rd7 40.
Bg5 h5 41. Bxe7 Rxe7 42. Rc8+ Re8 43. Rxe8+ Kh7 44. Qf3 g5 45. Qf6 Qa8 46.
Qxf7+ Kh6 47. Rxe6# {Hossa checkmated} 1-0

[Event "ICS rated standard match"]
[Site "204.178.125.65"]
[Date "2000.07.04"]
[Round "?"]
[White "Hossa"]
[Black "Tinker"]
[Result "0-1"]
[WhiteElo "2234"]
[BlackElo "2278"]
[PlyCount "132"]
[EventDate "2000.??.??"]

1. d4 d5 2. c4 dxc4 3. e4 e5 4. Nf3 exd4 5. Qxd4 Qxd4 6. Nxd4 Nf6 7. f3 Bc5 8.
Be3 O-O 9. Bxc4 Nc6 10. Nxc6 Bxe3 11. Ne7+ Kh8 12. Nxc8 Raxc8 13. Nc3 c6 14. e5
Nd7 15. Bxf7 Nxe5 16. Bb3 Rce8 17. Ne4 c5 18. Bd5 Re7 19. Rd1 Bd4 20. Kd2 Rd8
21. Nc3 b5 22. Kc2 b4 23. Be4 Nc4 24. Rhe1 Nxb2 25. Kxb2 bxc3+ 26. Kc1 Rb8 27.
Bd5 Re5 28. Rxe5 Bxe5 29. g3 h6 30. Re1 Bf6 31. Re4 Rd8 32. Bc6 Bg5+ 33. f4 Bf6
34. Ra4 Rd6 35. Bb7 Rd2 36. Rxa7 Kg8 37. a4 Bd4 38. Bd5+ Kf8 39. Ra8+ Ke7 40.
Ra7+ Kd6 41. Be4 Be3 42. Bc2 Rd4+ 43. Kb1 Rb4+ 44. Ka1 Rb2 45. Be4 c2 46. Ra6+
Kc7 47. Rc6+ Kd7 48. Rxc5 c1=Q+ 49. Rxc1 Bxc1 50. a5 Rxh2 51. a6 Be3 52. Kb1
Kc7 53. f5 h5 54. Bd5 Kb6 55. Bb7 Bf2 56. Kc2 Bxg3+ 57. Kd3 h4 58. Bc8 h3 59.
Ke3 Rf2 60. f6 h2 61. fxg7 h1=Q 62. g8=Q Qf3+ 63. Kd4 Rd2+ 64. Kc4 Qe4+ 65. Kb3
Qc2+ 66. Kb4 Bd6# {Hossa checkmated} 0-1

[Event "ICS rated blitz match"]
[Site "204.178.125.65"]
[Date "2000.07.04"]
[Round "?"]
[White "Hossa"]
[Black "Skullcracker"]
[Result "1-0"]
[WhiteElo "2518"]
[BlackElo "1910"]
[PlyCount "125"]
[EventDate "2000.??.??"]

1. d4 Nf6 2. c4 g6 3. Nc3 Bg7 4. e4 d6 5. Be2 O-O 6. Bg5 h6 7. Bh4 Kh7 8. e5
Nfd7 9. exd6 cxd6 10. Nf3 Nc6 11. d5 Nce5 12. Nxe5 Nxe5 13. O-O Bf5 14. f4 Nd7
15. Bf2 b6 16. g4 Bxc3 17. bxc3 Be4 18. Re1 f5 19. Bf1 Nc5 20. Bxc5 dxc5 21. a4
Qd6 22. Qd2 e6 23. Bg2 exd5 24. Bxe4 fxe4 25. Rxe4 Rad8 26. cxd5 Qxd5 27. Qxd5
Rxd5 28. Rae1 Rd7 29. Kf2 Rff7 30. h4 Kg7 31. Kf3 Rd3+ 32. R1e3 Rxe3+ 33. Rxe3
Rd7 34. h5 gxh5 35. gxh5 Kf6 36. Kg4 a6 37. Re8 b5 38. axb5 axb5 39. Rc8 c4 40.
Rb8 Rd3 41. Rb6+ Kg7 42. Rxb5 Rxc3 43. Rb7+ Kg8 44. Rc7 Rc1 45. Kf5 c3 46. Kg6
Kf8 47. f5 c2 48. Kf6 Ke8 49. Re7+ Kd8 50. Re2 Kd7 51. Rg2 Ke8 52. Kg6 Kf8 53.
Kxh6 Kf7 54. Kg5 Kg7 55. h6+ Kh7 56. f6 Kh8 57. Kg6 Kg8 58. f7+ Kf8 59. h7 Rh1
60. h8=Q+ Rxh8 61. Rxc2 Ke7 62. Re2+ Kd8 63. Kg7 1-0

[Event "ICS rated blitz match"]
[Site "204.178.125.65"]
[Date "2000.07.04"]
[Round "?"]
[White "Beadle"]
[Black "Hossa"]
[Result "1-0"]
[WhiteElo "2491"]
[BlackElo "2519"]
[PlyCount "98"]
[EventDate "2000.??.??"]

1. e4 g6 2. d4 Bg7 3. Nc3 c6 4. Nf3 d6 5. Bc4 Nf6 6. e5 dxe5 7. Nxe5 O-O 8. Bf4
Nd5 9. Qf3 e6 10. O-O-O f6 11. Ng4 Nxf4 12. Qxf4 b5 13. Bb3 h5 14. Ne3 a5 15.
a4 bxa4 16. Nxa4 Na6 17. g4 h4 18. Qe4 Kh7 19. Qxc6 Bd7 20. Qc4 Qb8 21. Kb1 Rc8
22. Qd3 Bc6 23. Bxe6 Nb4 24. Qa3 Bxh1 25. Rxh1 Re8 26. Nc5 Qd6 27. Bf7 Qxd4 28.
Bxe8 Qxc5 29. Ba4 Rb8 30. c3 Qe5 31. Rd1 Qe4+ 32. Ka1 Nc6 33. Bxc6 Qxc6 34. Rd5
a4 35. Qe7 a3 36. Qxa3 Qb7 37. Kb1 Ra8 38. Qb4 Qa7 39. Qe4 Qa1+ 40. Kc2 Qa6 41.
Ng2 Kg8 42. Nxh4 Rb8 43. Nxg6 Qa1 44. Rb5 Rd8 45. Ne7+ Kf8 46. Nd5 Qa7 47. Nf4
Qxf2+ 48. Kb3 Qf1 49. Kb4 Qf2 {Hossa resigns} 1-0

[Event "ICS rated blitz match"]
[Site "204.178.125.65"]
[Date "2000.07.04"]
[Round "?"]
[White "PrinceCharles"]
[Black "Hossa"]
[Result "0-1"]
[WhiteElo "1974"]
[BlackElo "2502"]
[PlyCount "37"]
[EventDate "2000.??.??"]

1. e4 c5 2. Nf3 b6 3. d4 cxd4 4. Nxd4 Bb7 5. Bd3 e6 6. c4 Nf6 7. Qe2 Bb4+ 8.
Bd2 Bc5 9. Nb3 d6 10. Nc3 Nc6 11. O-O-O O-O 12. f4 Nb4 13. Bb1 Qe7 14. a3 Nc6
15. e5 dxe5 16. fxe5 Nd7 17. Ne4 Ncxe5 18. Bg5 f6 19. Qh5 0-1

[Event "ICS rated standard match"]
[Site "204.178.125.65"]
[Date "2000.07.04"]
[Round "?"]
[White "dori"]
[Black "Hossa"]
[Result "0-1"]
[WhiteElo "2107"]
[BlackElo "2230"]
[PlyCount "48"]
[EventDate "2000.??.??"]

1. d4 Nf6 2. c4 e6 3. Nc3 Bb4 4. e3 c5 5. Nge2 d5 6. a3 Bxc3+ 7. Nxc3 cxd4 8.
exd4 dxc4 9. Bxc4 Nc6 10. Be3 O-O 11. O-O b6 12. Rc1 Bb7 13. Qd3 a6 14. Rfd1
Ng4 15. Bf4 b5 16. Ba2 Qh4 17. Bg3 Qg5 18. Bb1 Qh5 19. d5 Rad8 20. h3 Nf6 21.
dxc6 Rxd3 22. cxb7 Rxg3 23. fxg3 Qc5+ 24. Kh2 Qe7 0-1